| 000 | 00438cam a2200181ua 4500 | ||
|---|---|---|---|
| 001 | 8925 | ||
| 008 | 150218n ii |||gr||||Z||||||asm | ||
| 040 | _cMAIN | ||
| 041 | _aasm | ||
| 082 | _a891.4513 | ||
| 100 |
_aSaikia, N., _eAuthor. |
||
| 245 | 1 |
_aAndharat nizar mukh _cBy Nagen Saikia |
|
| 250 | _a1st. | ||
| 260 |
_aGuwahati: _bSahitya, _c1998. |
||
| 300 | _a186p. | ||
| 653 | _aEast Indo-European & Celtic literatures | ||
| 942 | _cBK | ||
| 999 |
_c8019 _d8019 |
||